000 00874nas a2200289 4500
001 BR0603523
003 BR-BrBNA
005 20231205110231.0
007 ta
008 230509b bl.|||p| |||| 00| 00por d
040 _aBR-BrBNA
_bpor
_cBiblioteca Nacional de Agricultura
041 _a(Pt)
072 _aF30
100 1 _aMüller, A.A.
100 1 _aFarias Neto, J.T. de
100 1 _aEspírito Santo, D.E.S. do
100 1 _aSilva, M.R.A. da
245 1 _aVariação genética em progênies de açaizeiro branco
650 _aAÇAÍ
650 _aEUTERPE OLERACEA
650 _aSELEÇÃO GENÉTICA
650 _aVARIAÇÃO GENÉTICA
650 _aTESTE DE PROGÊNIE
773 0 _tRevista de Ciências Agrárias (Brazil)
_xISSN 1517-591X
_g(Jan-Jun 2005), no. 43 p. 193-198
_wBR0603523
909 _a202311
_bLúcia
_c55
_dLúcia Elande
942 _2AGRIS
_n0
_cANA
999 _c186610
_d186610